|
|
|
|
| LEADER |
00000naa a2200000uu 4500 |
| 001 |
vtls011063094 |
| 003 |
SK-MaSNL |
| 005 |
20260302145301.0 |
| 008 |
210910|2008 xo |||||||||||||||||slo| |
| 015 |
|
|
|a SNBRA
|
| 035 |
|
|
|a (urnnbn)urn:nbn:sk:snk:ar-a0c4a6
|
| 035 |
|
|
|a (uuid)84e0c8f5-9ac4-4921-8f59-7ad0bc7e4221
|
| 035 |
|
|
|a urn:nbn:sk:snk-aavarq
|
| 040 |
|
|
|a SNKBUCL
|b slo
|c SNKBUCL
|e AACR2
|
| 041 |
0 |
|
|a slo
|
| 044 |
|
|
|a xo
|c SK
|
| 100 |
1 |
|
|a Fuseková, Elena,
|d 1949-
|4 aut
|9 249451
|
| 245 |
1 |
0 |
|a SLEDOVANIE DEGENERATÍVNYCH ZMIEN MYELINIZOVANÝCH NERVOVÝCH VLÁKIEN PO STLAČENÍ NERVU V SVETELNOM MIKROSKOPE
|c Elena Fuseková, Eva Ochodnická, Kamil Belej, Ľudmila Bošelová, Marian Adamkov
|
| 700 |
1 |
|
|a Ochodnická, Eva,
|d 1951-
|4 aut
|9 197187
|
| 700 |
1 |
|
|a Belej, Kamil,
|d 1942-
|4 aut
|9 196519
|
| 700 |
1 |
|
|a Bošeľová, Ľudmila,
|d 1944-
|4 aut
|9 249455
|
| 700 |
1 |
|
|a Adamkov, Marian,
|d 1954-
|4 aut
|9 185682
|
| 773 |
0 |
|
|t Martinský morfologický zborník 2008
|d Martin : Univerzita Komenského Jesseniova lekárska fakulta, 2008
|g S. 30-33
|z 9788088866596
|
| 958 |
|
|
|a OND
|
| 958 |
|
|
|a article12
|
| 958 |
|
|
|a chapter
|
| 999 |
|
|
|c 1353396
|d 1355326
|